MotoGP - Tous les pilotes de la grille 2026 - Statistiques

Statistiques générales
  • Ce quiz a été pris 157 fois
  • Le résultat moyen est 17 sur 22
Statistiques - réponses
Équipe Nationalité Pilote % Correct
Monster Energy Yamaha Français Fabio Quartararo
99%
LCR Honda Français Johann Zarco
98%
Lenovo Ducati Espagnol Marc Marquez
91%
Gresini Ducati Espagnol Alex Marquez
90%
Red Bull KTM Espagnol Pedro Acosta
88%
Aprilia Racing Espagnol Jorge Martin
82%
Red Bull KTM Sud Africain Brad Binder
81%
Aprilia Racing Italien Marco Bezzecchi
81%
Lenovo Ducati Italien Francesco Bagnaia
80%
Trackhouse Aprilia Japonais Ai Ogura
79%
Pramac Yamaha Australien Jack Miller
77%
Monster Energy Yamaha Espagnol Alex Rins
75%
HRC Honda Espagnol Joan Mir
73%
HRC Honda Italien Luca Marini
73%
VR46 Ducati Italien Franco Morbidelli
71%
Gresini Ducati Espagnol Fermin Aldeguer
67%
Pramac Yamaha Turc Toprak Razgatlioglu
66%
Trackhouse Aprilia Espagnol Raul Fernandez
65%
Tech3 KTM Italien Enea Bastianini
64%
VR46 Ducati Italien Fabio Di Giannantonio
60%
Tech3 KTM Espagnol Maverick Vinales
59%
LCR Honda Brésilien Diogo Moreira
58%
Aucun quiz correspondant
Distribution des résultats
% des personnes avec chaque résultat
Percentile par nombre de réponses
Votre historique - résultats
Vous n’avez pas pris ce quiz